Score 0/18 Timer 04:00
5 Plays Today
Question Answer Wrong Answers
'Explain to me why it is more noble to kill ten thousand men in battle than a dozen at dinner. The price was cheap by any measure.' Tywin Lannister
91.4%
Lucius Malfoy
4.4%
'You cannot eat love, nor buy a horse with it, nor warm your halls on a cold night.' Tywin Lannister
88.7%
Lucius Malfoy
7%
'I assure you, my Lord, I have never renounced the old ways. The face I have been obliged to present each day since your absence—that is my true mask.' Lucius Malfoy
87.2%
Tywin Lannister
8.6%
'The company you keep, [Weasley/Oberyn]... and I thought your family could sink no lower.' Lucius Malfoy
86.3%
Tywin Lannister
9.5%
'So the wolfling is leaving his den to play among the lions.' Tywin Lannister
86.2%
Lucius Malfoy
9.5%
'[Draco/Joffrey], when your enemies defy you, you must serve them steel and fire. When they go to their knees, however, you must help them back to their feet.' Tywin Lannister
86%
Lucius Malfoy
9.3%
'Did you actually believe, or are you truly naive enough to think that children stood a chance against us?' Lucius Malfoy
85%
Tywin Lannister
11%
'The greatest fools are ofttimes more clever than the men who laugh at them.' Tywin Lannister
83%
Lucius Malfoy
12.5%
'No man is free. Only children and fools think elsewise.' Tywin Lannister
81.6%
Lucius Malfoy
14.1%
'My dear [Narcissa/Olenna], I do believe it's time to teach my grandson a sharp lesson.' Tywin Lannister
81.1%
Lucius Malfoy
14.5%
'You... you are no... no son of mine.' Tywin Lannister
81.1%
Lucius Malfoy
14.5%
'You are not in a position to bargain, [Potter/Tyrion]... You see, there are ten of us and only one of you.' Lucius Malfoy
79.9%
Tywin Lannister
16.1%
'I would remind you that it is not prudent to appear less than fond of [Harry Potter/Robert Baratheon], not when most of our kind regard him as the hero who made the [Dark Lord/Targaryens] disappear.' Lucius Malfoy
74.5%
Tywin Lannister
21.4%
'There is a tool for every task, and a task for every tool.' Tywin Lannister
73.8%
Lucius Malfoy
21.6%
'Dear me, what’s the use of being a disgrace to the name of [wizard/Lannister] if they don’t even pay you well for it?' Lucius Malfoy
63.5%
Tywin Lannister
32.4%
'It’s time you learned the difference between life and dreams, [Potter/Jaime].' Lucius Malfoy
61.2%
Tywin Lannister
34.8%
'Your grandmother is used to losing family members to our cause… Your death will not come as a great shock…' Lucius Malfoy
44.6%
Tywin Lannister
51%
'I hope my son will amount to more than a thief or a plunderer.' Lucius Malfoy
42.4%
Tywin Lannister
53.1%

Today's Daily Dose

You're not logged in!

Compare scores with friends on all Sporcle quizzes.
OR
Log In

Sporcle TV

Today on Sporcle TV


Watch our educational content, quiz creation guides, and fun videos on Sporcle TV.

Show Comments

Extras

Top Quizzes Today


Score Distribution

Paid Content

Your Account Isn't Verified!

In order to create a playlist on Sporcle, you need to verify the email address you used during registration. Go to your Sporcle Settings to finish the process.

Report this User

Report this user for behavior that violates our Community Guidelines.

Details: